|
|
|
|
| LEADER |
00000ntm a22000007u 4500 |
| 001 |
zp47407 |
| 041 |
|
|
|a cze
|
| 100 |
1 |
|
|a Vráblík, Viktor
|4 dis
|
| 245 |
1 |
0 |
|a Model skleníku řízený mikropočítačem
|
| 246 |
|
|
|a A Model Greenhouse Controlled by a Microcontroller
|
| 260 |
|
|
|c 2017
|
| 300 |
|
|
|a 58 s (51 080)
|
| 500 |
|
|
|a Studijní obor: Informační a řídicí technologie
|
| 500 |
|
|
|a Studijní obor: Information and Control Technologies
|
| 500 |
|
|
|a Ústav: Ústav automatizace a řídicí techniky
|
| 500 |
|
|
|a Univerzita Tomáše Bati ve Zlíně. Fakulta aplikované informatiky
|
| 500 |
|
|
|a Tomas Bata University in Zlín. Faculty of Applied Informatics
|
| 506 |
|
|
|a Bez omezení
|
| 653 |
|
|
|a mikropočítač
|
| 653 |
|
|
|a skleník
|
| 653 |
|
|
|a NXP
|
| 653 |
|
|
|a výuka
|
| 653 |
|
|
|a mikropočítač
|
| 653 |
|
|
|a skleník
|
| 653 |
|
|
|a NXP
|
| 653 |
|
|
|a výuka
|
| 655 |
|
4 |
|a bakalářská práce
|
| 700 |
1 |
|
|a Dolinay, Jan
|4 ths
|
| 710 |
2 |
|
|a Univerzita Tomáše Bati ve Zlíně. Fakulta aplikované informatiky
|4 dgg
|
| 710 |
2 |
|
|a Tomas Bata University in Zlín. Faculty of Applied Informatics
|4 dgg
|
| 856 |
4 |
0 |
|u http://hdl.handle.net/10563/41292
|y Plný text v Digitální knihovně UTB
|